Żużel - Drużyny żużlowe - sponsorzy tytularni 2025 - Statystyki

Ogólne statystyki
  • Ten quiz został rozwiązany 225 razy
  • Średni wynik to 7 z 10
Statystyki odpowiedzi
Klub Sponsor % Poprawnych
Polonia Bydgoszcz Abramczyk
96%
Sparta Wrocław Betard
95%
Wilki Krosno Cellfast
95%
Motor Lublin Orlen Oil
91%
Orzeł Łódź H. Skrzydlewska
71%
ROW Rybnik Innpro
71%
Włókniarz Częstochowa Krono-Plast
65%
Unia Tarnów Autona
63%
Landshut Devils Trans MF
32%
Polonia Piła Pronergy
22%
Nie znaleziono quizów pasujących do podanych kryteriów
Rozkład punktacji
Procent ludzi z każdym wynikiem
Percentyl według liczby udzielonych odpowiedzi
Twoja historia wyników
Nie rozwiązałeś tego quizu